Cómo leer música.
Saved in:
| Hovedforfatter: | |
|---|---|
| Andre forfattere: | |
| Format: | Bog |
| Udgivet: |
Barcelona, España:
Redbook Ediciones,
2017.
|
| Serier: | Taller de Música.
|
| Fag: | |
| Tags: |
Tilføj Tag
Ingen Tags, Vær først til at tagge denne postø!
|
MARC
| LEADER | 00000nam a22000007a 4500 | ||
|---|---|---|---|
| 003 | CL-VaPUC | ||
| 005 | 20250407202454.0 | ||
| 008 | 250319t2017 ||||| |||| 00| 0 spa d | ||
| 999 | |c 447459 |d 447457 | ||
| 020 | |a 978-84-946961-0-7 | ||
| 040 | |c Pontificia Universidad Católica de Valparaíso | ||
| 082 | 0 | 4 | |a 781.423 BAX 2017 |2 21 |
| 100 | |a Baxter, Harry |e autor |9 497603 | ||
| 245 | 1 | 0 | |a Cómo leer música. |
| 260 | |a Barcelona, España: |b Redbook Ediciones, |c 2017. | ||
| 300 | |a 251 páginas. | ||
| 490 | |a Taller de Música. | ||
| 500 | |a c.1.-c.5. Instituto Arcos 8-1-2025. | ||
| 583 | |a last modification |c 20051230 00:00:00 |k GC | ||
| 650 | 0 | |a Lectura musical |9 456565 | |
| 650 | 0 | |a Lectura y ejecución de partitura |9 897116 | |
| 650 | 0 | |a Teoría de la música |9 492795 | |
| 700 | |a Baxter, Michael |e autor |9 497604 | ||
| 942 | |c BK |2 ddc |n 0 | ||
| 952 | |0 0 |1 0 |2 ddc |4 0 |6 781_423000000000000_BAX_2017 |7 0 |8 A |9 601508 |a BIBINC |b BIBINC |d 2025-03-19 |e Instituto Arcos |i 5666395 |o 781.423 BAX 2017 |p 5666395 |r 2025-03-19 |t 1 |w 2025-03-19 |y BK |k IFP | ||
| 952 | |0 0 |1 0 |2 ddc |4 0 |6 781_423000000000000_BAX_2017 |7 0 |8 A |9 601509 |a BIBINC |b BIBINC |d 2025-03-19 |e Instituto Arcos |i 5666396 |o 781.423 BAX 2017 |p 5666396 |r 2025-03-19 |t 2 |w 2025-03-19 |y BK |k IFP | ||
| 952 | |0 0 |1 0 |2 ddc |4 0 |6 781_423000000000000_BAX_2017 |7 0 |8 A |9 601510 |a BIBINC |b BIBINC |d 2025-03-19 |e Instituto Arcos |i 5666397 |o 781.423 BAX 2017 |p 5666397 |r 2025-03-19 |t 3 |w 2025-03-19 |y BK |k IFP | ||
| 952 | |0 0 |1 0 |2 ddc |4 0 |6 781_423000000000000_BAX_2017 |7 0 |8 A |9 601511 |a BIBINC |b BIBINC |d 2025-03-19 |e Instituto Arcos |i 5666398 |o 781.423 BAX 2017 |p 5666398 |r 2025-03-19 |t 4 |w 2025-03-19 |y BK |k IFP | ||
| 952 | |0 0 |1 0 |2 ddc |4 0 |6 781_423000000000000_BAX_2017 |7 0 |8 A |9 601512 |a BIBINC |b BIBINC |d 2025-03-19 |e Instituto Arcos |i 5666399 |l 1 |o 781.423 BAX 2017 |p 5666399 |q 2025-05-21 |r 2025-04-21 |s 2025-04-21 |t 5 |w 2025-03-19 |y BK |k IFP | ||